000 00257nam a2200097Ia 4500
001 990070
005 20250826221304.0
008 250824s9999 xx 000 0 und d
245 0 _aGÖKTÜERK PRENSİ
_cZÜBEYİR TOKGÖZ
260 _bİLK GENÇ TİMAŞ YAYINLARI
999 _c990070
_d990070